Report of the Finance Commission, 1960 (Record no. 489382)

000 -LEADER
fixed length control field 00388cam a22001337a 4500
008 - FIXED-LENGTH DATA ELEMENTS--GENERAL INFORMATION
fixed length control field 180718b1960 xxu||||| |||| 00| 0 eng d
082 ## - DEWEY DECIMAL CLASSIFICATION NUMBER
Classification number Lx5442 F/1960
100 ## - MAIN ENTRY--PERSONAL NAME
Personal name Bombay. Finance Committee
245 ## - TITLE STATEMENT
Title Report of the Finance Commission, 1960
260 ## - PUBLICATION, DISTRIBUTION, ETC.
Place of publication, distribution, etc. Bombay
Name of publisher, distributor, etc. The author
Date of publication, distribution, etc. 1960
300 ## - PHYSICAL DESCRIPTION
Extent 75p.
500 ## - GENERAL NOTE
General note Chairman: P.C. Bhattacharya
700 ## - ADDED ENTRY--PERSONAL NAME
Personal name Bhattacharya, P.C. (Chairman)
Holdings
Withdrawn status Lost status Damaged status Not for loan Permanent Location Current Location Date acquired Full call number Barcode Date last seen Price effective from Koha item type
        Indian Institute of Public Administration Indian Institute of Public Administration 2018-08-04 Lx5442 F/1960 G2291 2018-08-04 2018-08-04 G
        Indian Institute of Public Administration Indian Institute of Public Administration 2018-08-04 Lx5442 F/1960 GG2137 2018-08-04 2018-08-04 GG

Powered by Koha